| 000 | 02754nam a2200469 c 4500 | ||
|---|---|---|---|
| 003 | BLK | ||
| 005 | 20240911110256.0 | ||
| 008 | 180410b bul|||||r ||||||| ||bul|| | ||
| 010 | _aKNG00153615000 | ||
| 020 |
_a978-954-9463-42-2 _bиздат.: Изкуства |
||
| 040 | _aBLK | ||
| 041 |
_aBUL _cBUL |
||
| 072 | 7 |
_2bullib _aН30 _xОбществени науки Н |
|
| 080 |
_aИнформатика в основното училище _b372.868.13 _x(075.2) _z372.868.13(075.2) |
||
| 100 |
_aМанев, Красимир Неделчев _9271214 |
||
| 700 | 1 |
_aПапанчева, Румяна Йорданова _e* _9375640 |
|
| 700 | 1 |
_aМоллов, Антон Иванов _e* _9375272 |
|
| 700 | 1 |
_aЙовчева, Бисерка Бончева _e* _9380204 |
|
| 700 | 1 |
_aГъров, Коста Андреев _e* _9378179 |
|
| 700 | 1 |
_aМанева, Нели Милчева _e* _9375726 |
|
| 700 | 1 |
_aАнгелов, Ангел Стоянов _e* _9380205 |
|
| 700 | 1 |
_aДимитрова, Красимира Атанасова _e* _9329621 |
|
| 700 | 1 |
_aХаризанов, Красимир Валентинов _e* _9329620 |
|
| 139 |
_aИнформационни технологии за ІІІ клас _bИ 73 |
||
| 245 | 1 | 0 |
_aИнформационни технологии за ІІІ клас _bУч. помагало _cКрасимир Неделчев Манев; * Румяна Йорданова Папанчева; * Антон Иванов Моллов; * Бисерка Бончева Йовчева; * Коста Андреев Гъров; * Нели Милчева Манева; * Ангел Стоянов Ангелов; * Красимира Атанасова Димитрова; * Красимир Валентинов Харизанов. |
| 257 | _aBGR | ||
| 260 |
_аСофия _bИзкуства _c2009 _fСофия : Класик Дизайн |
||
| 300 |
_a64 с. _bс цв. ил. _c28 см _eCD |
||
| 380 | _a3 | ||
| 500 | _aДруги авт.: Р. Папанчева, Ант. Моллов, Б. Йовчева, К. Гъров, Н. Манева, Анг. Ангелов, Кр. Димитрова, Кр. Харизанов. - Прил. със същото загл. и сигн. CD 3603. | ||
| 650 | 4 |
_aИнформационни технологии - учебници за основни училища _9298936 |
|
| 653 | _aинформационни технологии | ||
| 653 | _aІІІ кл. | ||
| 653 | _aучебни помагала | ||
| 659 | _aН | ||
| 852 | _aЦб ІІ 19587 | ||
| 856 | 4 |
_qpdf _u |
|
| 856 | 4 |
_qpdf _u |
|
| 942 |
_cKNG _n0 |
||
| 944 |
_aCR _c21.11.2013 _lКети Илиева _k30550 |
||
| 944 |
_aED _c10.06.2016 _lф / _kЛюдмила_Стоянова |
||
| 999 |
_c147405 _d147405 |
||